Thăng Long - Hà Nội : Từ góc nhìn nhân học văn hóa /
Сохранить в:
| Главный автор: | |
|---|---|
| Формат: | Статья |
| Язык: | Vietnamese |
| Предметы: | |
| Метки: |
Добавить метку
Нет меток, Требуется 1-ая метка записи!
|
| Thư viện lưu trữ: | Thư viện Trường Đại học Đà Lạt |
|---|
| LEADER | 00858nam a2200289 4500 | ||
|---|---|---|---|
| 001 | DLU130149593 | ||
| 005 | ##20130807 | ||
| 040 | # | # | |a DLU |b vie |
| 041 | # | # | |a vie |
| 044 | # | # | |a vn |
| 100 | # | # | |a Lê Thị Ngọc Hà. |
| 245 | # | # | |a Thăng Long - Hà Nội : |b Từ góc nhìn nhân học văn hóa / |c Lê Thị Ngọc Hà. |
| 653 | # | # | |a Đô thị |
| 653 | # | # | |a Di sản văn hóa |
| 653 | # | # | |a Di tích lịch sử |
| 653 | # | # | |a Phố cổ |
| 653 | # | # | |a Trung tâm kinh tế |
| 773 | # | # | |t Tạp chí Dân tộc và thời đại |g Số 10-11(135-136), 2010, tr. 6-7 |
| 920 | # | # | |a Phòng Tạp chí -- Trung tâm Thông tin - Thư viện Trường Đại học Đà Lạt |
| 994 | # | # | |a DLU |
| 900 | # | # | |a True |
| 911 | # | # | |a Nguyễn Thị Linh Chi |
| 925 | # | # | |a G |
| 926 | # | # | |a A |
| 927 | # | # | |a BB |
| 980 | # | # | |a Thư viện Trường Đại học Đà Lạt |